Amores prohibidos: la palabra condenada en el México de los virreyes. Antología de coplas y versos censurados por la Inquisición de México

Salvato in:
Dettagli Bibliografici
Autori principali: Baudot, Georges (Autore), Agueda Méndez, María (Autore)
Natura: Libro
Lingua:spagnolo
Pubblicazione: Cuernavaca Siglo XXI 1997
Edizione:1a. ed
Soggetti:
Tags: Aggiungi Tag
Nessun Tag, puoi essere il primo ad aggiungerne!!

MARC

LEADER 00000nam a2200000 a 4500
001 UCG5490
003 CL-VaPUC
008 110310e19970000MX |||||||||||||||||spa|d
020 |a 9682320771 
082 0 4 |a Me861  |b BAU  |2 21 
100 0 |a Baudot, Georges  |e author  |9 555194 
700 0 |a Agueda Méndez, María  |e author  |9 555195 
245 1 0 |a Amores prohibidos: la palabra condenada en el México de los virreyes. Antología de coplas y versos censurados por la Inquisición de México 
250 |a 1a. ed 
300 |a 282 p 
942 |c BK 
945 |d 20110310 00:00:00  |a dcastane 
260 |a Cuernavaca  |b Siglo XXI  |c 1997 
650 7 |a POESIAS MEXICANAS SIGLO 18  |2 CL-VaPUC  |9 555196 
650 0 |a Inquisición (Iglesia Católica)  |9 258578 
650 0 |a Teoría literaria  |9 342621 
650 0 |a Lingüística  |9 265068 
583 |a last modification  |c 20110310 00:00:00  |k Rodrigo Vera 
999 |c 343967  |d 343965 
952 |0 0  |1 0  |4 0  |6 ME_861_000000000000000_BAU_1997  |7 0  |8 A  |9 441691  |a FDOPOS  |b FDOPOS  |d 2019-11-22  |i 4753437  |o Me861 BAU 1997  |p 4753437  |r 2025-01-22  |w 2019-11-22  |y BK  |k DLH